000 00667nam a2200241Ia 4500
003 OSt
005 20220924132219.0
006 a|||||r|||| 00| 0
007 ta
008 220923b |||||||| |||| 00| 0 san d
024 _a35876
037 _cTextual
040 _aARTS
_cARTS
_bsan
041 _2san
_asan
082 _aQ125:26, 15F7
100 _aSvetasvatara
_9203944
245 0 _aKrsna yajurvediya svetasvataropanisad with sanskarabhasya and several other comms
260 _c1927
490 _aAnandasrama sanskrit series; 17
650 _aRELIGION
942 _hQ125:26, 15F7
_cTEXL
_2CC
999 _c429613
_d429613